000 005780000a22001810004500
003 MACL
005 20160421130911.0
008 160421b xxu||||| |||| 00| 0 eng d
040 _aMACL
_cMACL
041 _aHindi
082 _a700
100 _aखन्‍ना सुदर्शन
_953018
245 _aसुंदर सलोने भारतीय खिलौने
260 _bनेशनल बुक ट्रस्‍ट
_c2002
_aनई दिल्‍ली
350 _a35
650 _aReceration & Performing Arts
_953081
942 _cHIN
_k700
_2ddc
999 _c11116
_d11116